Transformácia vybraných inštitúcií štátu a častí právneho poriadku Slovenskej republiky

Podrobná bibliografia
Ďalší autori: Weissová, Tatiana, 1950- (Zostavovateľ, kompilátor)
Médium: Kniha
Jazyk:slovenčina
Fyzický popis:88 s. 21 cm
Vydavateľské údaje: Bratislava Slovak Academic Press 1998
ISBN:808890823X
Predmet:

MARC

LEADER 00000cam a2200000 a 4500
001 vtls001354664
003 SK-MaSNL
005 20260425231848.0
008 160208s1998 xo a fr 10000 slo
015 |a SNBA1999/05-01777 
020 |a 808890823X 
035 |a SNK000308109 
035 |a urn:nbn:sk:snk-amkiv5 
035 |a urn:nbn:sk:snk-am003utk 
035 |a 3596997E-ED37-4093-BA9D-50456841B8D8 
040 |a SNK  |b slo  |c SNK  |e AACR2 
041 0 |a slo 
044 |a xo  |c SK 
080 |a 342(437.6)(082)\  |2 1981 
245 0 0 |a Transformácia vybraných inštitúcií štátu a častí právneho poriadku Slovenskej republiky  |c [zostavila: Tatiana Weissová] 
260 |a Bratislava  |b Slovak Academic Press  |c 1998 
300 |a 88 s.  |c 21 cm 
500 |a Údaj o zost. prevzatý z rubu tit. strany 
504 |a Bibliogr. s. 85-87 
650 0 7 |a ústavné právo  |2 SNKPH  |9 2256 
651 7 |a Slovensko  |2 SNKPHgeo  |9 14231 
655 7 |a zborníky konferencií  |2 SNKPH  |9 70153 
700 1 |a Weissová, Tatiana,  |d 1950-  |4 com  |9 119593 
919 |a 80-88908-23-X 
958 |a TL 
958 |a NB 
999 |c 720205  |d 722135 
952 |t P60, <03>, [BOOK], {603}  |a SNK  |b SNK  |y PREZ  |7 0  |p 17A0179473  |o snkSC 97784  |i snkKSP 1265/99  |0 0  |1 0  |4 0  |d 1999-02-09  |f 1  |l 0  |r 2025-09-17 00:00:00  |w 2026-02-23 
952 |t P60, <04>, [BOOK], {604}  |a SNK  |b SNK  |y VYP  |7 0  |p 17A0179474  |o snkSC 97784 D1  |i snkKSP 1266/99  |0 0  |1 0  |4 0  |d 1999-02-09  |l 0  |r 2005-01-02 00:00:00  |w 2026-02-23